01439nab a22002417a 4500003000400000005001700004008004100021040000700062100003200069245017500101260007200276300001300348500003500361505035400396505012100750505008900871650001800960650001400978650002900992650002901021650002601050773012101076OSt20251209134757.0190502c xxu||||| |||| 00| 0 spa d cPJ aFounburg, Mariano Nicolás13aEl caso "Chocobar" y la posibilidad de una segunda condena por un mismo hecho. Las implicancias de un reenvío a instancias de la querella /cMariano Nicolás Founburg. aCiudad Autónoma de Buenos Aires :bThomson Reuters La Ley,c2025. ap. 64-72 aCita Online: AR/DOC/2684/2024. aSumario: I. Reseña del caso.— II. Tensiones entre derechos y garantías de los imputados y derechos de las víctimas.— III. El reenvío como un juicio sin fin.— IV. Las consecuencias prácticas del reenvío.— V. Consideraciones finales respecto del caso "Chocobar". El recurso del querellante y la absolución como único remedio.  tFallo comentado: CNCasCrim. y Correc., sala II ~ 06/05/2024 ~ Chocobar, Luis Oscar y otro s/ recurso de casación. t¿Te interesa el texto completo? Solicitalo al correo: koha@justierradelfuego.gov.ar 0aDERECHO PENAL 0aHOMICIDIO 0aDERECHOS DE LA VÍCTIMA 0aCUMPLIMIENTO DE UN DEBER 0aDERECHOS DEL IMPUTADO0 02729dBuenos Aires : LexisNexis, 2006-tRevista de derecho penal y procesal penal. Nº 2 - Febrero 2025z9875920622